Congrés Bibliographique International tenu á Paris du 1er au 4er juillet 1878 (Record no. 46573)

MARC details
000 -LEADER
campo de control de longitud fija 00467nam a2200145 i 4500
001 - NÚMERO DE CONTROL
campo de control 46573
003 - IDENTIFICADOR DE NÚMERO DE CONTROL
campo de control ES-MaACL
007 - CAMPO FIJO DE DESCRIPCIÓN FÍSICA--INFORMACIÓN GENERAL
campo de control de longitud fija t|
008 - DATOS DE LONGITUD FIJA--INFORMACIÓN GENERAL
campo de control de longitud fija 030331s1879 be ||||1| fre d
111 2# - ENTRADA PRINCIPAL--NOMBRE DE CONGRESO/REUNIÓN
Nombre de congreso/reunión o jurisdicción como elemento de entrada Congrés Bibliographique International.
9 (RLIN) 226
245 10 - MENCIÓN DEL TÍTULO
Título Congrés Bibliographique International tenu á Paris du 1er au 4er juillet 1878
Resto del título : compte-reundu des travaux.
260 ## - PUBLICACIÓN, DISTRIBUCIÓN, ETC.
Lugar de publicación, distribución, etc. Bruxelles :
Nombre del editor, distribuidor, etc. A. Vromant,
Fecha de publicación, distribución, etc. 1879.
300 ## - DESCRIPCIÓN FÍSICA
Extensión 575 p. ;
Dimensiones 25 cm.
852 ## - LOCALIZACIÓN
Ubicación ES-MaACL
Número de control de estantería G-1138
Holdings
Estatus retirado Estado de pérdida Estado de daño No para préstamo Colección Biblioteca de origen Biblioteca actual Ubicación en estantería Fecha de adquisición Fuente de adquisición Total de préstamos Signatura topográfica completa Código de barras Visto por última vez Precio de reemplazo Tipo de ítem Koha
        Libros del s. XIX Biblioteca del Ateneo de Madrid Biblioteca del Ateneo de Madrid Depósito 2 17/01/2008     G-1138 1048982 23/02/2023 23/02/2023 Libro impreso antiguo